000 00893nam a2200265 a 4500
001 BRCA_4870
005 20190320204834.0
008 141010c1976----it-ao#####---#000-0#eng-#
041 _aeng
044 _ait
050 4 _aPG7297
_b.V46 1976
245 1 0 _aVeneto
_cby Sergio Bettini ... [et al.] ; texts translated by Rudolf G. Carpanini ... [et al.].
260 _aItalia
_bElecta
_c1976
300 _a535 p.
_bil. (algunas a color), 509 láminas
_c31 cm.
440 0 _aBanca Nacionale del Laboro
_912325
500 _aColección Sonia Corcuera de Mancera
500 _aIncluye índice de ilustraciones
500 _aEstado físico: Lomo deteriorado
504 _aBibliografía: p. 521-526
651 4 _aVeneto
_vCatálogos
_xarte e historia
_zItalia
_912326
700 1 _aCarpanini, Rudolf G.
_eTraductor
_912327
700 1 _aBettini, Sergio
_912328
902 _aDSC
942 _2lcc
_cB
999 _c4564
_d4564